[Event "CRO-chT Cup 22nd"]
[Site "Bol"]
[Date "2013.05.23"]
[Round "2.81"]
[White "Leskovar, Vinko"]
[Black "Zelic, Zdravko"]
[Result "0-1"]
[WhiteElo "2042"]
[BlackElo "2382"]
[PlyCount "66"]
[EventDate "2013.05.22"]
[EventType "team"]
[EventRounds "6"]
[EventCountry "CRO"]
[SourceTitle "CBM 154 Extra"]
[Source "ChessBase"]
[SourceDate "2013.06.25"]
[SourceVersion "2"]
[SourceVersionDate "2013.06.25"]
[SourceQuality "1"]
[WhiteTeam "Nova Gradiska"]
[BlackTeam "Zabok Polet"]
[WhiteTeamCountry "CRO"]
[BlackTeamCountry "CRO"]

1. e4 Nf6 2. d3 d5 3. e5 Nfd7 4. f4 c5 5. Nf3 Nc6 6. c3 e6 7. Na3 Be7 8. Nc2 0-0 9. Be2 f6 10. exf6 Nxf6 11. 0-0 Bd6 12. d4 Ne4 13. Ne5 cxd4 14. cxd4 Qb6 15. Kh1 Bxe5 16. dxe5 Nf2+ 17. Rxf2 Qxf2 18. Be3 Qh4 19. Bd3 Bd7 20. Qe2 Be8 21. Bc5 Bh5 22. Qe3 Qxf4 23. Qh3 Qg4 24. Qe3 Rf7 25. Re1 Bg6 26. h3 Qf4 27. Qxf4 Rxf4 28. Bxg6 hxg6 29. Re2 Rc8 30. Bd6 Nd4 31. Nxd4 Rxd4 32. Kh2 Rdc4 33. Ba3 b5 0-1

[Event "CRO Cup 21st"]
[Site "Sibenik"]
[Date "2012.05.16"]
[Round "1.121"]
[White "Leskovar, Vinko"]
[Black "Dizdarevic, Emir"]
[Result "0-1"]
[WhiteElo "2083"]
[BlackElo "2485"]
[PlyCount "110"]
[EventDate "2012.05.16"]
[EventType "team-swiss"]
[EventRounds "6"]
[EventCountry "CRO"]
[SourceTitle "CBM 148 Extra"]
[Source "ChessBase"]
[SourceDate "2012.06.22"]
[SourceVersion "1"]
[SourceVersionDate "2012.06.22"]
[SourceQuality "1"]
[WhiteTeam "Nova Gradiska"]
[BlackTeam "Sibenik"]
[WhiteTeamCountry "CRO"]
[BlackTeamCountry "CRO"]

1. e4 c6 2. f4 d5 3. e5 c5 4. Nf3 Nc6 5. d3 Nh6 6. Be2 g6 7. c3 d4 8. Nbd2 Bg7 9. Ne4 b6 10. 0-0 0-0 11. h3 f6 12. exf6 exf6 13. c4 Nf5 14. a3 Ne3 15. Bxe3 dxe3 16. Nc3 Qd6 17. Nd5 Be6 18. Nxe3 Qxf4 19. Nc2 f5 20. Rb1 Rad8 21. Qc1 Qg3 22. Qe1 Qd6 23. b4 Ne5 24. Rd1 Rfe8 25. Qh4 Qe7 26. Qxe7 Rxe7 27. Nxe5 Bxe5 28. Bf3 Bc3 29. g3 Kg7 30. Kg2 Red7 31. Be2 Bf7 32. b5 a6 33. Rb1 axb5 34. Rxb5 Rd6 35. Rfb1 Ba5 36. R5b3 Be8 37. Ne3 Ba4 38. R3b2 Bc6+ 39. Kf2 Re8 40. Ng2 Bc3 41. Rc2 Bd4+ 42. Kf1 g5 43. Bh5 Rf8 44. Ne1 f4 45. gxf4 Rxf4+ 46. Ke2 Rf2+ 47. Kd1 Ba4 48. Kc1 Re6 49. Rxf2 Rxe1+ 50. Kd2 Rxb1 51. Rf7+ Kh6 52. Bg4 Be8 53. Re7 Bg6 54. Re6 Kg7 55. a4 Rb2+ 0-1

[Event "Bosnjaci op 8th"]
[Site "Bosnjaci"]
[Date "2002.01.05"]
[Round "4"]
[White "Leskovar, Vinko"]
[Black "Rosandic, Denis"]
[Result "0-1"]
[WhiteElo "2107"]
[BlackElo "2248"]
[PlyCount "80"]
[EventDate "2002.01.03"]
[EventType "swiss"]
[EventRounds "7"]
[EventCountry "CRO"]
[SourceTitle "CBM 086 Extra"]
[Source "ChessBase"]
[SourceDate "2002.03.14"]
[SourceVersion "1"]
[SourceVersionDate "2002.03.14"]
[SourceQuality "1"]

1. e4 c5 2. Nf3 Nc6 3. d4 cxd4 4. Nxd4 Nf6 5. Nc3 e5 6. Ndb5 d6 7. Nd5 Nxd5 8. exd5 Nb8 9. c4 Be7 10. Be3 a6 11. Nc3 0-0 12. Be2 f5 13. f3 Bg5 14. Qd2 Bxe3 15. Qxe3 Nd7 16. 0-0 a5 17. a3 a4 18. Bd1 Nc5 19. Nb5 Qb6 20. b4 axb3 21. Bxb3 Bd7 22. a4 Bxb5 23. axb5 Qd8 24. Bc2 Qf6 25. Ra3 Rxa3 26. Qxa3 g6 27. Qc3 Qg5 28. g3 Rc8 29. Kg2 Ra8 30. Bb1 Rc8 31. Rf2 h5 32. Re2 h4 33. Qc2 Kg7 34. g4 e4 35. fxe4 Qxg4+ 36. Kh1 Qf3+ 37. Kg1 Nxe4 38. Qd3 Ng5 39. Qxf3 Nxf3+ 40. Kg2 Nd4 0-1